00262nam a2200097Ia 4500008004100000100002300041245004100064260003300105300000800138650001800146191201s2009 xx 000 0 und d aCHAKRAVARTI,Sudeep 0aRed Sun: Travels In Naxalite Country aN. DelhibPenguin Bookc2009 a411 aGeneral Books